000 00667nam a2200277Ia 4500
005 20260324115127.0
008 008 260324s9999 xx 000 0 eng d
020 _a9780429451539
037 _aEBOOK
040 _aCRL
040 _beng
040 _cCRL
041 _2eng
041 _aeng
084 _qCRL
100 _aJilan Liu
_91153468
245 0 _aHealthcare Quality and HIT - International Standards, China Practices
260 _bTaylor and Francis
260 _c2019
365 _a
365 _b205
856 _uhttp://www.taylorfrancis.com/books/9780429451539
942 _cEBOOK
999 _c1744114
_d1744114